Riadenie kreditného rizika v Slovenskej sporiteľni, a. s.

Slovenská sporiteľňa je prvá banka na Slovensku, ktorá od júla 2008 predkladá hlásenia o kapitálovej primeranosti na základe IRB prístupu k úverovému riziku. Rakúsky Úrad pre finančný trh a Národná banka Slovenska potvrdili, že systémy hodnotenia úverového rizika a kontrolné postupy banky s...

Ausführliche Beschreibung

Gespeichert in:
Bibliographische Detailangaben
1. Verfasser: Školková, Alexandra
Format: Buchkapitel
Sprache:Slowakisch
Schlagworte:
Tags: Tag hinzufügen
Keine Tags, Fügen Sie das erste Tag hinzu!

MARC

LEADER 00000nla a2200000 4500
001 0235087
005 20240417075125.6
041 0 |a slo 
044 |a SK 
245 1 0 |a Riadenie kreditného rizika v Slovenskej sporiteľni, a. s.  |c Alexandra Školková 
520 |a Slovenská sporiteľňa je prvá banka na Slovensku, ktorá od júla 2008 predkladá hlásenia o kapitálovej primeranosti na základe IRB prístupu k úverovému riziku. Rakúsky Úrad pre finančný trh a Národná banka Slovenska potvrdili, že systémy hodnotenia úverového rizika a kontrolné postupy banky súvisiace s týmto rizikom sú primerané a náležite implementované do riadenia rizika, úverového procesu a určovania odhadu kapitálovej primeranosti. 
610 2 0 |a Slovensko 
610 2 0 |a sporiteľne 
610 2 0 |a riadenie rizík 
610 2 0 |a riziko úverové 
610 2 0 |a primeranosť kapitálová 
100 1 |a Školková, Alexandra